Alarme na ilha (Registo nº 310)

Detalhes MARC
000 -Etiqueta do registo
Cabeçalho 00797nam0a2200253 4500
005 - Identificador da versão
Campo de controlo 20240813121759.0
010 ## - Número internacional normalizado dos livros (ISBN)
Número (ISBN) 9721012955
021 ## - Número do Depósito Legal
Código do país PT
Número 43594/91
100 ## - Dados gerais de processamento
Dados gerais de processamento 20160304d1991 a e0pory5003 ba
102 ## - Pais de publicação ou produção
País de publicação Portugal
101 0# - Língua de publicação
Língua do texto, banda sonora, etc. Português
215 ## - Descrição física 
Indicação específica da natureza do documento e extensão da espécie 99, [1] p.
200 1# - Titulo e menção de responsabilidade
Título próprio Alarme na ilha
Primeira menção de responsabilidade Maria da Conceição Coelho, Maria Cabral de Mendonça
225 2# - Colecção 
Título próprio da colecção Chiu! Que estou a ler
Indicação de volume 4
210 ## - Publicação, Distribuição, etc. 
Lugar da edição, distribuição, etc. Mem Martins
Nome do editor, distribuidor, etc. Europa-América
Data da publicação, distribuição, etc. D.L.1991
606 ## - Nome comum usado como assunto
Número de registo de entrada de autoridade 0002709
Palavra de ordem Literatura portuguesa
Subdivisão de assunto Romanes de aventuras
Código do sistema CA
675 ## - Classificação Decimal Universal (CDU)
Notação 821.134.3-311.3
Edição 3ª ed.
Língua da edição por
701 #1 - Nome de autor-pessoa física (co-responsabilidade principal)
Palavra de ordem Mendonça
Outra parte do nome não tomada para palavra de ordem Maria Cabral de
Elementos de identificação ou distinção e outro
Código de função Autor / Co-autor
700 #1 - Nome de autor-pessoa física (responsabilidade principal)
Número de registo de entrada de autoridade 0002710
Palavra de ordem Coelho
Outra parte do nome não tomada para palavra de ordem Maria da Conceição
Elementos de identificação ou distinção e outro
966 ## - Identificação da Biblioteca
Sigla EB2,3ENM
942 ## - Elementos de entrada adicionados (Koha)
Tipo de item no Koha Livro
Exemplares
Situação do levantamento Origin of item (home branch) (coded) Biblioteca de empréstimo Código de barras Cota Circulation type (not for loan) Tipo de documento Nota do exemplar Damaged status
  Biblioteca Escolar Eng. Nuno Mergulhão Biblioteca Escolar Eng. Nuno Mergulhão BENM837 82LP-3 COE   Livro Sem mensagem